000 00613nam a2200217 4500
003 OSt
005 20260530115258.0
008 260422b1962 xxu |||| |||| 00| 0 eng d
040 _aICI
_bspa
_cICI
050 _aTA175
_bA75 1962
100 1 _a Asimow, Morris
_d1906
_930757
245 1 0 _aIntroduction to Design
264 1 _bPrentice Hall
_c1962
_aEnglewood cliffs
300 _a135 páginas
336 _atexto
_2rdacontent
337 _asin medio
_2rdamedia
338 _avolumen
_2rdacarrier
490 0 _aPrentice-hall series in engineering design
650 4 _aDiseño industrial
_915218
942 _2ddc
_cBK
999 _c12698
_d12698